Letting a property: (Record no. 121403)
[ view plain ]
| 000 -LEADER | |
|---|---|
| fixed length control field | 00835nam a22001817a 4500 |
| 008 - FIXED-LENGTH DATA ELEMENTS--GENERAL INFORMATION | |
| fixed length control field | 230320s2018 xxk|||||o|||| 00| 0 eng d |
| 041 ## - LANGUAGE CODE | |
| Language code of text/sound track or separate title | eng |
| 110 ## - MAIN ENTRY--CORPORATE NAME | |
| Corporate author | Royal Institution of Chartered Surveyors |
| 245 ## - TITLE STATEMENT | |
| Title | Letting a property: |
| Subtitle | a clear impartial guide |
| Medium | [Electronic resource] |
| 260 ## - PUBLICATION INFORMATION | |
| Place of publication | London, |
| Publisher | Royal Institution of Chartered Surveyors, |
| Date | 2018 |
| 300 ## - PHYSICAL DESCRIPTION | |
| Physical description | 16p. |
| 490 ## - SERIES TITLE | |
| Series statement | RICS Consumer guide |
| 520 ## - ABSTRACT | |
| Abstract | A checklist of the process you will go through, and also explains how RICS letting agents can help if you need any professional advice. Covers England, Wales and Northern Ireland |
| 651 ## - SUBJECT ADDED ENTRY--GEOGRAPHIC NAME | |
| Geographic name | United Kingdom |
| 710 ## - ADDED CORPORATE NAME | |
| Added corporate author | Royal Institution of Chartered Surveyors |
| 856 ## - ONLINE RESOURCE | |
| Uniform Resource Identifier | <a href="https://www.ricsfirms.com/media/1188/rics-consumer-guide-letting-property.pdf">https://www.ricsfirms.com/media/1188/rics-consumer-guide-letting-property.pdf</a> |
| Public note | Available on rics.org/consumerguides |
| 942 ## - ADDED ENTRY ELEMENTS (KOHA) | |
| Suppress in OPAC | Do not suppress in OPAC |
| Lost status | Damaged status | Not for loan | Current library | Shelving location | Date acquired | Total Checkouts | Date last seen | Price effective from | Koha item type |
|---|---|---|---|---|---|---|---|---|---|
| Virtual | Online | 20/03/2023 | 20/03/2023 | 20/03/2023 | Online material |